| 000 | 01291cam a2200301 a 4500 | ||
|---|---|---|---|
| 999 |
_c1692 _d1692 |
||
| 001 | 00230446 | ||
| 003 | OCoLC | ||
| 005 | 20230119161253.0 | ||
| 008 | 120312r20031986inu 000 1 eng d | ||
| 020 |
_a9780553212419 _q(pbk. : v. 1) |
||
| 020 |
_a0553212419 _q(pbk. : v. 1) |
||
| 035 | _aUM045597 | ||
| 035 | _a(OCoLC)779852559 | ||
| 040 |
_aNTPU _cKH8 |
||
| 042 | _anbic | ||
| 082 | 0 | _aFIC DOY | |
| 100 |
_aDoyle, Arthur Conan, Sir _d1859-1930. _eauthor |
||
| 245 | 0 | 0 |
_aSherlock Holmes : _bthe complete novels and stories. _nVolume I / _cSir Arthur Conan Doyle ; with an introduction by Loren Estleman. |
| 250 | _aBantam Classic reissue ed. | ||
| 260 |
_aNew York : _bBantam Dell, _c2003, c1986. |
||
| 300 |
_axviii, 1059 p. ; _c18 cm. |
||
| 440 | _aBantam Classic. | ||
| 520 | _aSince his first appearance in "Beeton's Christmas Annual in 1887, Sir Arthur Conan Doyle's Sherlock Holmes has been one of the most beloved fictional characters ever created. Now, in two paperback volumes, Bantam presents all fifty-six short stories and four novels featuring Conan Doyle's classic hero--a truly complete collection of Sherlock. | ||
| 650 | 0 | _aDetective and mystery stories. | |
| 650 | 0 | _aShort stories. | |
| 700 | 1 |
_aEstleman, Loren D. _eWriter of introduction |
|
| 942 |
_2ddc _cFIC |
||